• 首页
  • 本馆介绍
  • 公告通知
  • 最新文献
  • 馆藏检索
  • 电子资源
  • 读者导购
  • 参考咨询
  • 我的图书馆
  • 登录
  • 详细信息显示
  • 放入我的书架
  • 预约/预借图书
  • 作者相关作品
  • 分类相关作品
  • 丛书相关作品
  • 出版社相关作品

书目信息

  • 表格格式
  • 工作单格式
  • 卡片格式
题名:
楷书章法
    
 
作者: 贾诚隽 , 贾诚隽 著
分册:  
出版信息: 北京   北京体育学院出版社  2003.10
页数: 98页
开本: 28cm
丛书名:
单 册:
中图分类: J292.33
科图分类:
主题词: 楷书--书法--中国
电子资源:
ISBN: 7-81003-751-X
000 00816nam0 2200277 450
001 CAL 012002018242
005 20040712153025.3
010    @a7-81003-751-X@dCNY22.00
099    @aCAL 012002018242
100    @a2004121302003 em y0chiy0110 e
101 0  @achi
102    @aCN@b110000
105    @af z 000yy
200 1  @a楷书章法@AKai Shu Zhang Fa@f贾诚隽著@Fjia cheng juan zhu
205    @a2版
210    @a北京@c北京体育学院出版社@d2003.10
215    @a98页@d28cm@e光盘1张
330    @a本书包括:章法浅说、大中堂图录、横式大中堂图录、四扇屏图录等10部分。
606 0  @a楷书@x书法@y中国
690    @aJ292.33@v4
701  0 @a贾诚隽@Ajia cheng jun@4著
701  0 @a贾诚隽@Ajia cheng juan@4著
801  0 @aCN@bGDGX@c20041213
905    @aBZT@dJ292.33@e1@f6
906    @dCNY9.50@n0@r1
998    @aSCNU
    
    楷书章法/贾诚隽著.-2版.-北京:北京体育学院出版社,2003.10
    98页;28cm+光盘1张
    
    
    ISBN 7-81003-751-X:CNY22.00
    本书包括:章法浅说、大中堂图录、横式大中堂图录、四扇屏图录等10部分。
●
相关链接 在五车中查询图书 在当当中查询图书 在豆瓣中查询图书


正题名:楷书章法     索取号:J292.33/1         预约/预借

序号 登录号 条形码 馆藏地/架位号 状态 备注
1 0376415   200891026   样本书库/样006架A面4层2列/ [索取号:J292.33/1] 在馆    
2 0376416   200891035   中心书库中库/ 中库018架A面7列1层9/ [索取号:J292.33/1] 在馆    
3 0376417   200891008   中心书库中库/ 中库018架A面5列5层56/ [索取号:J292.33/1] 在馆    
4 0376418   200891017   中心书库中库/ 中库017架B面3列4层25/ [索取号:J292.33/1] 在馆    
5 0376420   200890991   中心书库中库/ 中库018架A面7列2层2/ [索取号:J292.33/1] 在馆    
山东省滨州职业学院图书馆 欢迎您!
大连网信软件有限公司© 版权所有